Knaves and fools.

Bibliographic Details
Main Author: Williams, Neville, 1924-1977
Format: Book
Language:English
Published: New York : Macmillan, 1960
Subjects:

MARC

Tag First Indicator Second Indicator Subfields
LEADER 00000cam a2200000 4500
001 in00000060089
005 20151008051559.0
008 720804c19601959nyu 00000 eng u
010 |a  60000976  
035 |a (OCoLC)00374066 
035 |9 AAG8781AM 
040 |c CSU  |d TXA  |d UtOrBLW 
049 |a TXAM  |c [319294] 
050 0 |a HV6945  |b .W55 1960 
092 |a 364.1  |b W725k 
100 1 |a Williams, Neville,  |d 1924-1977. 
245 1 0 |a Knaves and fools. 
264 1 |a New York :  |b Macmillan,  |c 1960 
264 4 |c [©1959] 
300 |a 240p :  |b illustrations ;  |c 22cm. 
336 |a text  |b txt  |2 rdacontent 
337 |a unmediated  |b n  |2 rdamedia 
338 |a volume  |b nc  |2 rdacarrier 
650 0 |a Criminals  |z Great Britain. 
999 |a MARS 
999 f f |s 3ea99830-c3fe-3429-9277-a9af598450de  |i 6cb43620-c33c-3c9b-9ab5-c020afe4e36a  |t 0 
952 f f |p ric  |a Texas A&M University  |b Rellis Campus  |c Joint Library Facility  |d Remote Storage  |t 0  |e HV6945 .W55 1960  |h Library of Congress classification  |i unmediated -- volume  |m A14800812226 
998 f f |a HV6945 .W55 1960  |t 0  |l Remote Storage